LEADER 01029nam0 2200289 450 001 000038295 005 20140904133503.0 010 $a0-19-282718-9 100 $a20140903d1991----km-y0itaa50------ba 101 0 $aeng 102 $aGB 200 1 $a<> Trumpet-Major$fThomas Hardy$gedited by Richard Nemesvari 210 $aOxford ; New York$cOxford University Press$d1991 215 $aXXXVII, 373 p.$d19 cm 225 2 $a<> World's classics 410 0$12001$a<> World's classics 676 $a823.8$v(22. ed.)$9Narrativa inglese. Periodo vittoriano, 1837-1899 700 1$aHardy,$bThomas$0142510 702 1$aNemesvari,$bRichard 801 0$aIT$bUniversità della Basilicata - B.I.A.$gREICAT$2unimarc 912 $a000038295 996 $aTrumpet-Major$999902 997 $aUNIBAS BAS $aLETTERE CAT $aEXT016$b01$c20140904$lBAS01$h1335 FMT Z30 -1$lBAS01$LBAS01$mBOOK$1BASA1$APolo Storico-Umanistico$2DSLF$BCollezione DiSLF$3DF/E1391$63205$5F3205$820140904$f04$FPrestabile Didattica